| 000 | 00449nam a22001457a 4500 | ||
|---|---|---|---|
| 082 |
_a297.64 _bNAQ |
||
| 100 | _aNaqvi, Nasar Abbas | ||
| 245 |
_aAnwar e Abu Talib As / _cNasar Abbas Naqvi and Hasan Hamid Naqvi |
||
| 260 |
_aIslamabad : _bOSWA Publications, _cN.A. |
||
| 300 |
_a518p. ; _c25 cm. |
||
| 563 | _aHBK. | ||
| 880 |
_6100-01\r _aنصر عباس نقوی |
||
| 880 |
_6245-02\r _aانوارِ ابو طالبؑ / |
||
| 942 |
_2ddc _cBK |
||
| 999 |
_c588638 _d588638 |
||